[Event "Open A"]
[Site "Bratto - Castione della Presolana ITA"]
[Date "2009.08.25"]
[Round "5"]
[White "Lenic, Luka"]
[Black "Godena, Michele"]
[Result "1/2-1/2"]
[WhiteElo "2565"]
[BlackElo "2540"]
[PlyCount "50"]
[EventDate "2009.08.21"]

1. d4 d5 2. c4 dxc4 3. Nf3 a6 4. e3 b5 5. a4 Bb7 6. b3 e6 7. bxc4 bxc4 8. Bxc4
Nf6 9. Qb3 Bxf3 10. gxf3 c5 11. dxc5 Bxc5 12. Ba3 Nbd7 13. O-O O-O 14. Rd1 Qa5
15. Bxc5 Qxc5 16. Be2 Qg5+ 17. Kh1 Qh4 18. Kg2 Qg5+ 19. Kh1 Qh4 20. Kg2 Rac8
21. Nd2 Qg5+ 22. Kh1 Qh4 23. Kg2 Qg5+ 24. Kh1 Qh4 25. Kg2 Qg5+ 1/2-1/2

[Event "Open A"]
[Site "Bratto - Castione della Presolana ITA"]
[Date "2009.08.25"]
[Round "5"]
[White "Pavasovic, Dusko"]
[Black "Genocchio, Daniele"]
[Result "1-0"]
[WhiteElo "2605"]
[BlackElo "2455"]
[PlyCount "43"]
[EventDate "2009.08.21"]

1. e4 c5 2. Nf3 g6 3. d4 cxd4 4. Qxd4 Nf6 5. e5 Nc6 6. Qa4 Nd5 7. Qe4 Ndb4 8.
Bb5 Qa5 9. Nc3 d5 10. exd6 Bf5 11. Qe5 Nxc2+ 12. Ke2 O-O-O 13. Qxh8 Nxa1 14.
Rd1 exd6 15. Qxh7 Be6 16. Kf1 Nc2 17. Ng5 Bxa2 18. Nxf7 Rd7 19. Qxg6 Bxf7 20.
Qxc2 d5 21. Be2 Qb4 22. Qf5 1-0

[Event "Open A"]
[Site "Bratto - Castione della Presolana ITA"]
[Date "2009.08.25"]
[Round "5"]
[White "Rombaldoni, Axel"]
[Black "Grigore, George-Gabriel"]
[Result "0-1"]
[WhiteElo "2425"]
[BlackElo "2558"]
[PlyCount "92"]
[EventDate "2009.08.21"]

1. e4 c5 2. Nf3 Nc6 3. d4 cxd4 4. Nxd4 e5 5. Nb5 d6 6. N1c3 a6 7. Na3 Be6 8.
Nc4 b5 9. Ne3 Nf6 10. Bd3 g6 11. a4 b4 12. Ncd5 Bg7 13. O-O O-O 14. a5 Bxd5 15.
Nxd5 Nxd5 16. exd5 Nxa5 17. Qe1 Nb7 18. Qxb4 Nc5 19. Bc4 a5 20. Qa3 Qb8 21. Qh3
f5 22. Ra2 f4 23. Bd2 a4 24. b4 Ne4 25. Be1 f3 26. g3 Rc8 27. Bd3 Nc3 28. Bxc3
Rxc3 29. Qe6+ Kh8 30. b5 a3 31. h4 Qc8 32. b6 Qxe6 33. dxe6 d5 34. Rb1 Bf8 35.
b7 Rb8 36. Rb5 e4 37. Bf1 Bc5 38. h5 Kg7 39. e7 Kf7 40. Bh3 Kxe7 41. Bc8 Kd6
42. Ra5 d4 43. Ra6+ Kc7 44. h6 e3 45. Rxg6 d3 46. Rg7+ Kb6 0-1

[Event "Open A"]
[Site "Bratto - Castione della Presolana ITA"]
[Date "2009.08.25"]
[Round "5"]
[White "Rombaldoni, Denis"]
[Black "Cebalo, Miso"]
[Result "1-0"]
[WhiteElo "2465"]
[BlackElo "2476"]
[PlyCount "165"]
[EventDate "2009.08.21"]

1. d4 Nf6 2. c4 e6 3. g3 c5 4. d5 exd5 5. cxd5 d6 6. Nc3 g6 7. Bg2 Bg7 8. Nf3
O-O 9. O-O a6 10. a4 Nbd7 11. Nd2 Re8 12. h3 Rb8 13. Nc4 Nb6 14. Na3 Bd7 15. e4
Qc7 16. Be3 Nxa4 17. Nxa4 Nxe4 18. Nc2 b5 19. Nc3 Nxc3 20. bxc3 a5 21. Bd2 b4
22. Re1 bxc3 23. Rxe8+ Bxe8 24. Bc1 Bd7 25. Kh2 Bf5 26. Ra3 Bxc2 27. Qxc2 Rb4
28. Qa2 h5 29. Rxa5 Be5 30. Ra8+ Kg7 31. Qe2 h4 32. f4 hxg3+ 33. Kxg3 Qb7 34.
fxe5 Qxa8 35. exd6 c2 36. Qe5+ Kh7 37. d7 Qb8 38. d6 Rb6 39. Bc6 Rxc6 40. Bb2
Qxb2 41. Qxb2 Rxd6 42. Qxc2 Rxd7 43. Qxc5 Rd1 44. Qc4 Kg7 45. Kf4 Rd6 46. Kg5
Re6 47. Qc7 Re3 48. Kg4 Re4+ 49. Kf3 Re6 50. Qc3+ Kh7 51. Kg4 Rd6 52. Qf3 Kg7
53. h4 Rd4+ 54. Kg5 Rd6 55. Qc3+ Kh7 56. Qc5 Re6 57. Qf8 Re5+ 58. Kg4 Rf5 59.
h5 Rxh5 60. Qxf7+ Kh6 61. Qg8 Rg5+ 62. Kf4 Rf5+ 63. Ke4 Kg5 64. Qh8 Rf4+ 65.
Ke5 Rf5+ 66. Ke6 Rf4 67. Qh2 Rf5 68. Ke7 Kg4 69. Qh7 g5 70. Ke6 Rf2 71. Qh6 Rf4
72. Qh2 Rf3 73. Qg2+ Kf4 74. Kf6 g4 75. Qd2+ Re3 76. Qd4+ Kf3 77. Qd1+ Re2 78.
Kg5 g3 79. Qf1+ Rf2 80. Qd3+ Kg2 81. Kg4 Kh2 82. Qxg3+ Kh1 83. Kh3 1-0

[Event "Open A"]
[Site "Bratto - Castione della Presolana ITA"]
[Date "2009.08.25"]
[Round "5"]
[White "Sanchez, Joseph"]
[Black "Horvath, Csaba"]
[Result "0-1"]
[WhiteElo "2491"]
[BlackElo "2522"]
[PlyCount "72"]
[EventDate "2009.08.21"]

1. e4 c5 2. Nf3 e6 3. d4 cxd4 4. Nxd4 a6 5. Bd3 Bc5 6. Nb3 Be7 7. Be3 d6 8. f4
Nf6 9. Qf3 Nc6 10. c3 e5 11. f5 d5 12. N1d2 g6 13. g4 d4 14. cxd4 exd4 15. Bf4
Nb4 16. Be5 O-O 17. h3 Nd7 18. Bg3 Bg5 19. Bb1 Nc6 20. O-O Nde5 21. Qg2 b6 22.
Nf3 Be3+ 23. Kh2 Re8 24. Bc2 Ra7 25. Nbd2 Rd7 26. Rad1 Bb7 27. Nxe5 Nxe5 28.
Bxe5 Rxe5 29. Nc4 Ree7 30. Qg3 Bxe4 31. Bxe4 Rxe4 32. fxg6 hxg6 33. Ne5 Rc7 34.
Nd3 Rc2+ 35. Kh1 Re7 36. Ne5 Rxe5 0-1

[Event "Open A"]
[Site "Bratto - Castione della Presolana ITA"]
[Date "2009.08.25"]
[Round "5"]
[White "Sax, Gyula"]
[Black "Nikolova, Adriana"]
[Result "1-0"]
[WhiteElo "2524"]
[BlackElo "2316"]
[PlyCount "55"]
[EventDate "2009.08.21"]

1. e4 c5 2. Nf3 d6 3. c3 Nf6 4. h3 Nc6 5. Bd3 g6 6. Bc2 Bg7 7. d4 cxd4 8. cxd4
d5 9. e5 Ne4 10. O-O O-O 11. Nc3 Bf5 12. Ne2 h6 13. Nh4 Bd7 14. f3 Ng5 15. Be3
Qb6 16. Qd2 Qxb2 17. Rfb1 Qa3 18. Rxb7 Bc8 19. Rc7 Qa6 20. Rb1 Na5 21. Bxg5
hxg5 22. Bd3 Nc4 23. Qxg5 Qa3 24. Rb3 Qxa2 25. Nxg6 Qd2 26. Nxe7+ Kh8 27. Nf4
Qe1+ 28. Kh2 1-0

[Event "Open A"]
[Site "Bratto - Castione della Presolana ITA"]
[Date "2009.08.25"]
[Round "5"]
[White "Skembris, Spyridon"]
[Black "Piscopo, Pierluigi"]
[Result "1-0"]
[WhiteElo "2452"]
[BlackElo "2415"]
[PlyCount "89"]
[EventDate "2009.08.21"]

1. d4 c5 2. d5 e6 3. Nc3 d6 4. e4 exd5 5. Nxd5 Nf6 6. Bg5 Be7 7. Bb5+ Bd7 8.
Bxf6 Bxf6 9. Bxd7+ Nxd7 10. c3 O-O 11. Nf3 Re8 12. Qc2 g6 13. O-O Bg7 14. Rad1
b5 15. a4 b4 16. cxb4 cxb4 17. Qc6 Nf6 18. Nxb4 Nxe4 19. Nd5 Rc8 20. Qa6 Bxb2
21. Qxa7 Ra8 22. Qb7 Rb8 23. Qc6 Ba3 24. Nd2 Nxd2 25. Rxd2 Re5 26. Qc3 Bc5 27.
Kh1 Qh4 28. f4 Re1 29. Rd1 Rxf1+ 30. Rxf1 f5 31. h3 Kf7 32. a5 Qd8 33. Re1 h5
34. Re7+ Qxe7 35. Nxe7 Rb1+ 36. Kh2 h4 37. g4 Kxe7 38. Qg7+ Kd8 39. a6 Rf1 40.
Qf6+ Kc7 41. Qxh4 Kb6 42. Qe7 Rf2+ 43. Kg3 Kxa6 44. gxf5 gxf5 45. Qe6 1-0

[Event "Open A"]
[Site "Bratto - Castione della Presolana ITA"]
[Date "2009.08.25"]
[Round "5"]
[White "Tramalloni, Luca"]
[Black "Damia, Angelo"]
[Result "0-1"]
[WhiteElo "2116"]
[BlackElo "2291"]
[PlyCount "95"]
[EventDate "2009.08.21"]

1. d4 d5 2. Nf3 Nf6 3. c4 c6 4. Nc3 e6 5. Bg5 Nbd7 6. e3 Bb4 7. Nd2 Qa5 8. Bxf6
Nxf6 9. Qc2 Ne4 10. Rc1 f5 11. f3 Nxd2 12. Qxd2 O-O 13. c5 Qd8 14. f4 Bd7 15.
Be2 Ba5 16. O-O g5 17. g3 g4 18. Kf2 h5 19. h4 b6 20. cxb6 axb6 21. Qc2 Bxc3
22. bxc3 b5 23. Qb2 Qa5 24. Ra1 Qa3 25. Rfb1 Qxb2 26. Rxb2 Ra3 27. Rc2 Rfa8 28.
Ke1 b4 29. Rac1 Kf7 30. Kd2 bxc3+ 31. Rxc3 Rxa2+ 32. R1c2 Ra1 33. Bd1 Rb8 34.
Rc1 Ra7 35. R1c2 Ke7 36. Be2 Rb1 37. Bd1 Kd6 38. Rc1 Rb6 39. Rc5 Bc8 40. R1c2
Ba6 41. Ra2 Rab7 42. Rcc2 Bc4 43. Ra1 Bb3 44. Rc3 Bxd1 45. Rxd1 Rb1 46. Rxb1
Rxb1 47. Ke2 Rb2+ 48. Kf1 {phone default} 0-1

[Event "Open A"]
[Site "Bratto - Castione della Presolana ITA"]
[Date "2009.08.25"]
[Round "5"]
[White "Vezzosi, Paolo"]
[Black "Dvirnyy, Danyyil"]
[Result "1/2-1/2"]
[WhiteElo "2372"]
[BlackElo "2440"]
[PlyCount "111"]
[EventDate "2009.08.21"]

1. d4 Nf6 2. Nf3 g6 3. Bg5 Bg7 4. Nbd2 O-O 5. e4 d6 6. c3 Nbd7 7. Bc4 e5 8. O-O
h6 9. Bh4 Qe8 10. Re1 Kh7 11. a4 a5 12. dxe5 dxe5 13. b4 Qe7 14. Qb3 g5 15. Bg3
Nh5 16. Nf1 Nb6 17. Ne3 Nxc4 18. Qxc4 Nxg3 19. hxg3 c6 20. Nf5 Be6 21. Qc5 Qxc5
22. bxc5 f6 23. Rab1 Rab8 24. Nd6 Rfd8 25. Nxb7 Rd3 26. Rb6 Rxc3 27. Nxa5 Rc8
28. Nxc6 Bd7 29. Ne7 R8xc5 30. Nd5 Rc6 31. Rxc6 Rxc6 32. a5 Ra6 33. Rb1 Rxa5
34. Rb7 Bc8 35. Rc7 Be6 36. Nxf6+ Kg6 37. Nd7 Bxd7 38. Rxd7 Ra1+ 39. Kh2 Ra4
40. Rd6+ Kf7 41. Rd7+ Kg6 42. Rd6+ Kf7 43. Nd2 g4 44. f3 h5 45. Nf1 Ra3 46. Nd2
Ra4 47. Kg1 Bf8 48. Rd5 Bh6 49. f4 exf4 50. gxf4 Kg7 51. g3 h4 52. Kf2 Ra3 53.
Nf1 hxg3+ 54. Nxg3 Bxf4 55. Nh5+ Kh6 56. Nxf4 1/2-1/2

[Event "Open A"]
[Site "Bratto - Castione della Presolana ITA"]
[Date "2009.08.25"]
[Round "5"]
[White "Vocaturo, Daniele"]
[Black "Collutiis, Duilio"]
[Result "0-1"]
[WhiteElo "2507"]
[BlackElo "2449"]
[PlyCount "98"]
[EventDate "2009.08.21"]

1. e4 e5 2. Nf3 Nc6 3. Bb5 Nf6 4. Qe2 Bc5 5. c3 Qe7 6. d3 d6 7. d4 exd4 8. cxd4
Bb4+ 9. Bd2 d5 10. e5 Ne4 11. O-O O-O 12. Bxb4 Qxb4 13. a3 Qb3 14. Bxc6 bxc6
15. Nbd2 Qxb2 16. Rfb1 Nc3 17. Rxb2 Nxe2+ 18. Kh1 Bf5 19. Nf1 Nf4 20. Rb7 Ne6
21. Ra2 Bd3 22. Ne3 Ba6 23. Rb4 Rfb8 24. Rab2 Rb6 25. Rc2 Rab8 26. Rxc6 Rxb4
27. axb4 Bd3 28. Rc1 Rxb4 29. Nxd5 Rb1 30. Rxb1 Bxb1 31. Ne7+ Kf8 32. Nc6 Be4
33. Nxa7 Bxf3 34. gxf3 Nxd4 35. Kg2 Ke7 36. Kg3 Kd7 37. Kf4 c6 38. Ke4 Nb5 39.
Nxb5 cxb5 40. Kd5 b4 41. e6+ Ke7 42. Kc4 Kxe6 43. Kxb4 Ke5 44. Kc5 g5 45. Kc6
Kf4 46. Kd6 Kxf3 47. Ke7 Kxf2 48. Kxf7 Kg2 49. Kf6 h6 0-1

[Event "Open A"]
[Site "Bratto - Castione della Presolana ITA"]
[Date "2009.08.26"]
[Round "6"]
[White "Borisek, Jure"]
[Black "Skembris, Spyridon"]
[Result "1-0"]
[WhiteElo "2575"]
[BlackElo "2452"]
[PlyCount "135"]
[EventDate "2009.08.21"]

1. e4 c6 2. d4 g6 3. Nc3 Bg7 4. h3 d5 5. Nf3 dxe4 6. Nxe4 Nd7 7. Bc4 Ngf6 8.
Nxf6+ Nxf6 9. O-O O-O 10. c3 Nd5 11. Re1 a5 12. Qe2 Nb6 13. Bd3 Re8 14. Bf4 a4
15. Rad1 Be6 16. c4 Qc8 17. Be3 Bf5 18. d5 Bxd3 19. Qxd3 Qc7 20. b3 axb3 21.
axb3 Rad8 22. Qe4 cxd5 23. cxd5 Nd7 24. Bf4 Qb6 25. Qc4 Qc5 26. Qa4 Nf6 27. Be3
Qd6 28. Bf4 Qc5 29. b4 Qb6 30. Ne5 Qa6 31. Qb3 Qb5 32. d6 e6 33. Bg5 h6 34.
Bxf6 Bxf6 35. Nc4 Kg7 36. Re3 Rd7 37. Na3 Qc6 38. b5 Qc5 39. Nc4 Ra8 40. Re4 b6
41. Qe3 Qxe3 42. Rxe3 Rb7 43. d7 Bd8 44. Ne5 Rba7 45. Nc6 Ra2 46. g4 Bh4 47.
Rf3 Rb2 48. d8=Q Bxd8 49. Rxd8 Ra1+ 50. Kh2 Rbb1 51. Rd7 h5 52. Rfxf7+ Kh6 53.
Ne5 Rh1+ 54. Kg2 Rag1+ 55. Kf3 Rxh3+ 56. Ke2 hxg4 57. Nxg4+ Kg5 58. Ne5 Rb1 59.
f4+ Kh4 60. Rh7+ Kg3 61. Rd3+ Kxf4 62. Nxg6+ Kg5 63. Rhxh3 Kxg6 64. Rdf3 Rb2+
65. Kd3 Rxb5 66. Rhg3+ Kh5 67. Rg8 Kh4 68. Rf1 1-0

[Event "Open A"]
[Site "Bratto - Castione della Presolana ITA"]
[Date "2009.08.26"]
[Round "6"]
[White "Brunello, Sabino"]
[Black "Lucaroni, Massimiliano"]
[Result "1-0"]
[WhiteElo "2547"]
[BlackElo "2264"]
[PlyCount "33"]
[EventDate "2009.08.21"]

1. d4 f5 2. c4 e6 3. Nf3 Nf6 4. e3 Be7 5. Bd3 O-O 6. Nc3 c6 7. Rb1 d5 8. b4 Ne4
9. Ne2 Bd6 10. b5 Bd7 11. O-O Be8 12. bxc6 bxc6 13. Ne5 c5 14. cxd5 exd5 15. f3
Ng5 16. dxc5 Bxc5 17. Bc4 1-0

[Event "Open A"]
[Site "Bratto - Castione della Presolana ITA"]
[Date "2009.08.26"]
[Round "6"]
[White "Collutiis, Duilio"]
[Black "Dervishi, Erald"]
[Result "0-1"]
[WhiteElo "2449"]
[BlackElo "2545"]
[PlyCount "52"]
[EventDate "2009.08.21"]

1. e4 e5 2. Nf3 Nc6 3. Nc3 Nf6 4. g3 d5 5. exd5 Nxd5 6. Bg2 Nxc3 7. bxc3 Bc5 8.
O-O O-O 9. Re1 Re8 10. d3 Bg4 11. h3 Bh5 12. g4 Bg6 13. Ng5 Bb6 14. Rb1 Qd7 15.
Ba3 Nd8 16. h4 h6 17. h5 Bxh5 18. gxh5 hxg5 19. Qf3 g4 20. Qg3 Qf5 21. Re4 Ne6
22. Rbe1 Nf4 23. d4 Nxh5 24. Qd3 Nf4 25. Qg3 Re6 26. dxe5 Nh5 0-1

[Event "Open A"]
[Site "Bratto - Castione della Presolana ITA"]
[Date "2009.08.26"]
[Round "6"]
[White "Contin, Daniel"]
[Black "Sanchez, Joseph"]
[Result "0-1"]
[WhiteElo "2279"]
[BlackElo "2491"]
[PlyCount "58"]
[EventDate "2009.08.21"]

1. c4 e5 2. Nc3 Bb4 3. Qb3 Nc6 4. Nf3 d6 5. e3 f5 6. d4 Nf6 7. Be2 O-O 8. O-O
Bxc3 9. Qxc3 Qe7 10. b4 exd4 11. Nxd4 Bd7 12. Nxc6 Bxc6 13. f3 b6 14. Bd3 Nd7
15. Bd2 Ne5 16. Bc2 Rf6 17. Rae1 Raf8 18. e4 f4 19. Re2 Rh6 20. g4 Rh3 21. Rg2
Bd7 22. c5 dxc5 23. bxc5 bxc5 24. Bc1 h5 25. gxh5 Rxh5 26. Rd1 Bh3 27. Rf2 Qh4
28. Rdd2 Rg5+ 29. Kh1 Bg2+ 0-1

[Event "Open A"]
[Site "Bratto - Castione della Presolana ITA"]
[Date "2009.08.26"]
[Round "6"]
[White "Damia, Angelo"]
[Black "Sax, Gyula"]
[Result "1/2-1/2"]
[WhiteElo "2291"]
[BlackElo "2524"]
[PlyCount "56"]
[EventDate "2009.08.21"]

1. d4 Nf6 2. Bg5 e6 3. e4 h6 4. Bxf6 Qxf6 5. Nc3 d6 6. Qd2 a6 7. O-O-O Nd7 8.
f4 Qd8 9. h4 c5 10. Nf3 cxd4 11. Nxd4 Nf6 12. h5 Be7 13. Be2 e5 14. Nf5 Bxf5
15. exf5 Qc7 16. Kb1 O-O-O 17. Nd5 Nxd5 18. Qxd5 Bf6 19. fxe5 dxe5 20. Qc4 Rd4
21. Rxd4 exd4 22. Qxc7+ Kxc7 23. Kc1 Re8 24. Kd1 Re4 25. Rh3 Re5 26. g4 Bg5 27.
c3 Rc5 28. Rd3 dxc3 1/2-1/2

[Event "Open A"]
[Site "Bratto - Castione della Presolana ITA"]
[Date "2009.08.26"]
[Round "6"]
[White "Dvirnyy, Danyyil"]
[Black "Chatalbashev, Boris"]
[Result "0-1"]
[WhiteElo "2440"]
[BlackElo "2548"]
[PlyCount "50"]
[EventDate "2009.08.21"]

1. e4 g6 2. d4 Bg7 3. Nc3 c6 4. Nf3 d6 5. Be3 b5 6. Bd3 Nd7 7. Qd2 Qc7 8. O-O
Ngf6 9. h3 O-O 10. Ne2 e5 11. a4 exd4 12. Nfxd4 bxa4 13. Ng3 Nc5 14. Bh6 Ne8
15. Bc4 Be6 16. Bxg7 Nxg7 17. Be2 Rab8 18. f4 d5 19. Qc3 Qb6 20. f5 Nxe4 21.
Nxe4 dxe4 22. fxe6 Nxe6 23. Rxa4 Rfd8 24. Rd1 Rxd4 25. Rdxd4 Rd8 0-1

[Event "Open A"]
[Site "Bratto - Castione della Presolana ITA"]
[Date "2009.08.26"]
[Round "6"]
[White "Genocchio, Daniele"]
[Black "Vezzosi, Paolo"]
[Result "0-1"]
[WhiteElo "2455"]
[BlackElo "2372"]
[PlyCount "110"]
[EventDate "2009.08.21"]

1. d4 d5 2. Nf3 Nf6 3. c4 e6 4. e3 c5 5. Nc3 Nc6 6. a3 cxd4 7. exd4 Be7 8. cxd5
exd5 9. Ne5 O-O 10. Nxc6 bxc6 11. Bd3 Bd6 12. O-O Ng4 13. h3 Qh4 14. Be2 Nh6
15. Bxh6 Qxh6 16. Bg4 Be6 17. Re1 Rae8 18. Na4 f5 19. Bf3 Qf4 20. g3 Qg5 21.
Rc1 Bd7 22. Nc5 Rxe1+ 23. Qxe1 Re8 24. Qc3 Bxc5 25. dxc5 f4 26. Qd2 Bxh3 27.
Qxf4 Qxf4 28. gxf4 Bf5 29. b4 a6 30. Rd1 Bc2 31. Rd2 Ba4 32. Kg2 Kf7 33. Bh5+
g6 34. Be2 Bb5 35. Bd1 Bc4 36. f5 Kf6 37. fxg6 hxg6 38. Bg4 Re1 39. Bd7 Bb5 40.
Ra2 Ke7 41. Bg4 Bc4 42. Rc2 Ra1 43. Rc3 Bf1+ 44. Kf3 d4 45. Rb3 Bc4 46. Rb2
Bd5+ 47. Ke2 Rxa3 48. Rd2 Bc4+ 49. Kd1 d3 50. Rb2 Kf6 51. Bf3 Bb5 52. Kd2 Ke5
53. Bd1 Kd4 54. Bb3 Ra1 55. Bd1 g5 0-1

[Event "Open A"]
[Site "Bratto - Castione della Presolana ITA"]
[Date "2009.08.26"]
[Round "6"]
[White "Grigore, George-Gabriel"]
[Black "Rombaldoni, Denis"]
[Result "1/2-1/2"]
[WhiteElo "2558"]
[BlackElo "2465"]
[PlyCount "40"]
[EventDate "2009.08.21"]

1. d4 Nf6 2. c4 e6 3. Nc3 Bb4 4. Qc2 d5 5. cxd5 exd5 6. Bg5 c5 7. dxc5 h6 8.
Bh4 g5 9. Bg3 Ne4 10. e3 Qa5 11. Be5 O-O 12. O-O-O Bxc3 13. bxc3 Nc6 14. Bd4
Qa3+ 15. Kb1 Nxd4 16. Rxd4 Bf5 17. Bd3 Nxc3+ 18. Ka1 Nxa2 19. Qxa2 Qc1+ 20. Qb1
Qa3+ 1/2-1/2

[Event "Open A"]
[Site "Bratto - Castione della Presolana ITA"]
[Date "2009.08.26"]
[Round "6"]
[White "Piscopo, Pierluigi"]
[Black "Vocaturo, Daniele"]
[Result "1-0"]
[WhiteElo "2415"]
[BlackElo "2507"]
[PlyCount "87"]
[EventDate "2009.08.21"]

1. e4 c5 2. Nf3 d6 3. c3 Nf6 4. h3 Nbd7 5. Bd3 b6 6. O-O Bb7 7. Re1 Qc7 8. Bc2
Rc8 9. d3 g6 10. Bf4 Bg7 11. Nbd2 e5 12. Bh2 O-O 13. Bb3 h6 14. a3 b5 15. Ba2
a6 16. Rc1 Qb6 17. b4 cxb4 18. axb4 a5 19. Qb3 Ra8 20. Qb2 axb4 21. cxb4 Nb8
22. d4 exd4 23. e5 dxe5 24. Bxe5 Nd5 25. Bxg7 Kxg7 26. Nxd4 Kh7 27. Bxd5 Bxd5
28. Rc5 Rd8 29. Re5 Ba2 30. Ne4 Na6 31. Nc6 Rd1+ 32. Kh2 Nxc5 33. Nf6+ Kg7 34.
Nh5+ Kf8 35. Rxc5 Qc7+ 36. f4 f6 37. Qxf6+ Qf7 38. Qh8+ Qg8 39. Qf6+ Qf7 40.
Qh8+ Qg8 41. Qxh6+ Kf7 42. Qg5 Re1 43. Ne5+ Rxe5 44. Qf6+ 1-0

[Event "Open A"]
[Site "Bratto - Castione della Presolana ITA"]
[Date "2009.08.26"]
[Round "6"]
[White "Radice, Luca"]
[Black "Andreoli, Renato"]
[Result "1/2-1/2"]
[WhiteElo "2070"]
[BlackElo "2136"]
[PlyCount "39"]
[EventDate "2009.08.21"]

1. d4 Nf6 2. Nf3 e6 3. e3 c5 4. Bd3 b6 5. O-O Bb7 6. Nbd2 Be7 7. b3 O-O 8. Bb2
Nc6 9. a3 Re8 10. Qe2 Bf8 11. c4 g6 12. Rfd1 cxd4 13. exd4 Bg7 14. Nf1 d5 15.
Ng3 dxc4 16. bxc4 Rc8 17. Rac1 Qd6 18. Ne5 Nxe5 19. dxe5 Qc6 20. f3 1/2-1/2

[Event "Open A"]
[Site "Bratto - Castione della Presolana ITA"]
[Date "2009.08.26"]
[Round "6"]
[White "Ranfagni, Stefano"]
[Black "Tramalloni, Luca"]
[Result "0-1"]
[WhiteElo "2036"]
[BlackElo "2116"]
[PlyCount "66"]
[EventDate "2009.08.21"]

1. e4 c5 2. Nc3 Nc6 3. g3 g6 4. Bg2 Bg7 5. d3 d6 6. Be3 Rb8 7. Nge2 Nd4 8. O-O
b5 9. Qd2 b4 10. Nd1 e6 11. f4 Ne7 12. c3 bxc3 13. bxc3 Nxe2+ 14. Qxe2 O-O 15.
d4 Qa5 16. Qc2 Ba6 17. Re1 cxd4 18. Bf2 Rfc8 19. g4 dxc3 20. f5 Rb2 21. Qc1 Rd2
22. Be3 d5 23. Bg5 Bd4+ 24. Be3 Qc5 25. f6 Rxd1 26. Qxd1 Bxe3+ 27. Kh1 c2 28.
Qf3 c1=Q 29. Raxc1 Qxc1 30. Rxc1 Rxc1+ 31. Bf1 Rxf1+ 32. Qxf1 Bxf1 33. fxe7 Bb5
0-1

[Event "Open A"]
[Site "Bratto - Castione della Presolana ITA"]
[Date "2009.08.26"]
[Round "6"]
[White "Romanishin, Oleg M."]
[Black "Rombaldoni, Axel"]
[Result "1-0"]
[WhiteElo "2503"]
[BlackElo "2425"]
[PlyCount "75"]
[EventDate "2009.08.21"]

1. d4 Nf6 2. Nf3 g6 3. g3 Bg7 4. c4 c6 5. Bg2 O-O 6. O-O d5 7. cxd5 cxd5 8. Ne5
Nc6 9. Nc3 Qb6 10. Na4 Qa5 11. Bf4 Ne4 12. Nxc6 bxc6 13. Rc1 Ba6 14. a3 Bxe2
15. Qxe2 Qxa4 16. Bxe4 dxe4 17. Qxe4 Qxd4 18. Qxe7 Qxb2 19. Rxc6 a5 20. Qc5
Rfe8 21. a4 Bd4 22. Qc2 Qa3 23. Rc4 Bg7 24. Kg2 h5 25. h4 Qe7 26. Rb1 Qd7 27.
Rb5 Re1 28. Qd2 Qe6 29. Qd5 Qe8 30. Be3 Rd8 31. Re4 Qf8 32. Qc5 Rd6 33. Qa7 Kh7
34. Rb8 Rd8 35. Bc5 Rxe4 36. Bxf8 Rxf8 37. Rxf8 Bxf8 38. Qa8 1-0

[Event "Open A"]
[Site "Bratto - Castione della Presolana ITA"]
[Date "2009.08.27"]
[Round "7"]
[White "Chatalbashev, Boris"]
[Black "Godena, Michele"]
[Result "1/2-1/2"]
[WhiteElo "2548"]
[BlackElo "2540"]
[PlyCount "109"]
[EventDate "2009.08.21"]

1. c4 e5 2. Nc3 Nf6 3. Nf3 Nc6 4. g3 Bc5 5. Bg2 d6 6. O-O O-O 7. d3 h6 8. Na4
a5 9. Nxc5 dxc5 10. Nd2 Ra6 11. Nb1 Be6 12. Nc3 Qd7 13. Re1 Rd8 14. Qa4 Rb6 15.
Rb1 Qd6 16. Bd2 Ra8 17. Qd1 Rba6 18. Be3 a4 19. Qc1 Ra5 20. h3 Nd8 21. f4 Bd7
22. fxe5 Qxe5 23. Bf4 Qd4+ 24. e3 Qxd3 25. Bxc7 R5a6 26. Nd5 Nxd5 27. cxd5 Qb5
28. Bf1 Qb4 29. Bxa6 bxa6 30. e4 Bxh3 31. Kh2 Bg4 32. Qf4 Bh5 33. e5 Qb7 34. e6
Qxd5 35. e7 Ne6 36. Qd6 Qxd6 37. Bxd6 Re8 38. Rbc1 Nd4 39. Kg2 Bf3+ 40. Kf2 Bd5
41. Bxc5 Ne6 42. a3 Bc6 43. Bb4 Bb5 44. Ke3 f5 45. Rc2 Kf7 46. Rf2 g6 47. g4
Ng7 48. Kd4 h5 49. gxf5 Nxf5+ 50. Ke5 h4 51. Rh1 Rh8 52. Rh3 Rh5 53. Kd5 Bd7
54. Re3 Ke8 55. Re1 1/2-1/2

[Event "Open A"]
[Site "Bratto - Castione della Presolana ITA"]
[Date "2009.08.27"]
[Round "7"]
[White "Delorme, Axel"]
[Black "Romanishin, Oleg M."]
[Result "0-1"]
[WhiteElo "2434"]
[BlackElo "2503"]
[PlyCount "74"]
[EventDate "2009.08.21"]

1. e4 e5 2. Nf3 Nc6 3. Bb5 a6 4. Ba4 Nf6 5. O-O Be7 6. Re1 b5 7. Bb3 d6 8. c3
O-O 9. h3 Na5 10. Bc2 c5 11. d4 Bb7 12. d5 Nc4 13. a4 Nb6 14. b3 Bc8 15. a5
Nbd7 16. b4 g6 17. bxc5 Nxc5 18. Nbd2 Bd7 19. Ba3 Rc8 20. Bb4 Nh5 21. c4 Nf4
22. Re3 f5 23. cxb5 Bxb5 24. Raa3 fxe4 25. Nxe4 Nxe4 26. Rxe4 Qd7 27. Bd2 Nxh3+
28. gxh3 Qxh3 29. Nxe5 Qxa3 30. Nc6 Bf6 31. Bb4 Qh3 32. Bxd6 Rfe8 33. Ne7+ Bxe7
34. Bxe7 Rxe7 35. Rxe7 Rxc2 36. d6 Rc5 37. Qd2 Qg4+ 0-1

[Event "Open A"]
[Site "Bratto - Castione della Presolana ITA"]
[Date "2009.08.27"]
[Round "7"]
[White "Lenic, Luka"]
[Black "Grigore, George-Gabriel"]
[Result "1-0"]
[WhiteElo "2565"]
[BlackElo "2558"]
[PlyCount "67"]
[EventDate "2009.08.21"]

1. d4 Nf6 2. c4 c5 3. d5 e5 4. Nc3 d6 5. e4 Be7 6. Be2 Nbd7 7. Nf3 O-O 8. O-O
Ne8 9. a3 g6 10. Bh6 Ng7 11. Qd2 Nf6 12. Ne1 Kh8 13. Nd3 Ng8 14. Be3 f5 15. f3
f4 16. Bf2 b6 17. b4 h5 18. a4 a5 19. bxc5 bxc5 20. Rab1 g5 21. Nb5 Nh6 22.
Rfd1 g4 23. Bxc5 dxc5 24. Nxe5 Bd6 25. Ng6+ Kh7 26. Nxf8+ Qxf8 27. Qb2 gxf3 28.
gxf3 Bh3 29. Bd3 Be7 30. Kh1 Nf7 31. e5+ Kh6 32. Nc7 Nxe5 33. Qxe5 Bd6 34. Rb6
1-0

[Event "Open A"]
[Site "Bratto - Castione della Presolana ITA"]
[Date "2009.08.27"]
[Round "7"]
[White "Lucaroni, Massimiliano"]
[Black "Cebalo, Miso"]
[Result "0-1"]
[WhiteElo "2264"]
[BlackElo "2476"]
[PlyCount "60"]
[EventDate "2009.08.21"]

1. e4 c5 2. Nc3 Nc6 3. Bb5 Nd4 4. Nf3 Nxb5 5. Nxb5 d6 6. d4 a6 7. Nc3 cxd4 8.
Qxd4 e5 9. Qd3 h6 10. Nd2 Be6 11. Nc4 Rc8 12. Ne3 Nf6 13. O-O Be7 14. Ncd5 O-O
15. c4 Nxd5 16. Nxd5 Bxd5 17. Qxd5 Rc6 18. b3 Qc8 19. Ba3 Kh8 20. f4 Qe8 21.
Rad1 Kg8 22. f5 Kh7 23. Rd3 b5 24. cxb5 axb5 25. Qxb5 Qa8 26. Qd5 Rc2 27. Bxd6
Qxa2 28. Rg3 Qa7+ 29. Kh1 Qa6 30. Rd3 Rd8 0-1

[Event "Open A"]
[Site "Bratto - Castione della Presolana ITA"]
[Date "2009.08.27"]
[Round "7"]
[White "Pavasovic, Dusko"]
[Black "Horvath, Csaba"]
[Result "1/2-1/2"]
[WhiteElo "2605"]
[BlackElo "2522"]
[PlyCount "33"]
[EventDate "2009.08.21"]

1. e4 c5 2. Nf3 e6 3. c3 d5 4. exd5 Qxd5 5. d4 Nf6 6. Be2 Be7 7. O-O O-O 8. Ne5
Qd8 9. Bf3 Nd5 10. Qb3 cxd4 11. cxd4 Nc6 12. Rd1 Bf6 13. Bxd5 exd5 14. Bf4 Na5
15. Qf3 Be6 16. Nc3 Rc8 17. Rac1 1/2-1/2

[Event "Open A"]
[Site "Bratto - Castione della Presolana ITA"]
[Date "2009.08.27"]
[Round "7"]
[White "Piemonti, Carlo"]
[Black "Cordara, Michele"]
[Result "0-1"]
[WhiteElo "2005"]
[BlackElo "2114"]
[PlyCount "52"]
[EventDate "2009.08.21"]

1. e4 e6 2. d4 d5 3. exd5 exd5 4. Nf3 Bd6 5. Bd3 Nf6 6. h3 Nc6 7. c3 Be6 8. O-O
Qd7 9. Re1 O-O-O 10. Bb5 a6 11. Bf1 h6 12. b4 Na7 13. a4 g5 14. Ne5 Qe8 15. Nd2
h5 16. Rb1 g4 17. h4 g3 18. f3 Nd7 19. b5 Qe7 20. Bd3 Nxe5 21. Rxe5 Bxe5 22.
dxe5 Qc5+ 23. Kh1 Qxc3 24. b6 cxb6 25. Be2 Qd4 26. Ba3 Qxh4+ 0-1